Normal view MARC view
  • Auxiliares visuales

Entry Materia

Number of records used in: 17

001 - NÚMERO DE CONTROL DEL REGISTRO

  • campo de control: 4110

003 - IDENTIFICADOR DE NUMERO DE CONTROL

  • campo de control: MX-MxUPN

005 - FECHA Y HORA DE LA ÚLTIMA TRANSACCIÓN

  • campo de control: 20260415155204.0

008 - DATOS DE LONGITUD FIJA

  • campo de control de longitud fija: 260415n| acnnnbabn | ana |d

035 ## - NÚMERO DE CONTROL DEL SISTEMA

  • Número de control del sistema: UPN10000004110

040 ## - FUENTE DE LA CATALOGACIÓN

  • Centro catalogador de origen: MX-MxUPN
  • Lengua de catalogación: spa
  • Agencia de transcripción: MX-MxUPN

150 ## - ENCABEZAMIENTO - TEMÁTICO

  • Término de materia o nombre geográfico como elemento inicial: Auxiliares visuales

360 ## - REFERENCIA COMPLEJA DE VÉASE ADEMÁS - MATERIA

  • Texto explicativo: Véase también bajo nombres de auxiliares individuales. Ej.:
  • Encabezamiento al que se remite: CINEMATOGRAFIA; CARTELES
  • Texto explicativo: y subdivisión de
  • Encabezamiento al que se remite: AUXILIARES AUDIOVISUALES
  • Texto explicativo: bajo encabezamientos específicos. Ej.:
  • Encabezamiento al que se remite: GEOGRAFIA - ESTUDIO Y ENSEÑANZA - AUXILIARES AUDIOVISUALES; RELACIONES INDUSTRIALES - AUXILIARES AUDIOVISUALES

670 ## - FUENTE EN LA QUE SE LOCALIZARON DATOS

  • Cita de la fuente: E

902 ## - CATALOGADOR

  • Catalogador: MMA/170996